| 000 | 00454nam a22001577a 4500 | ||
|---|---|---|---|
| 003 | OSt | ||
| 005 | 20240419121357.0 | ||
| 008 | 240419b |||||||| |||| 00| 0 eng d | ||
| 040 | _cMRSPTU | ||
| 100 | _aBirinder Singh Dhillon (ਬੀਰਇੰਦਰ ਸਿੰਘ ਢਿੱਲੋਂ) | ||
| 245 | _aWa Warole:-Whirl Winds (ਵਾ-ਵਰੋਲੇ) | ||
| 250 | _a1st | ||
| 260 |
_aPunjab _bLok Sahit Publication _c1990 |
||
| 300 | _a176 | ||
| 942 |
_2ddc _cBK _n0 |
||
| 999 |
_c10112 _d10112 |
||